00663na a2200217 450000100060000000300080000600500170001400800410003103500100007204000250008208200140010710000180012124500610013925000260020026000600022630000210028649000680030750400310037565000190040670000200042513010MIRAKIL20181213154827.0160804b tu 000 0  a13010 aMilasbturcTR-AnCHP a109bW31f aWeber, Alfred aFelsefe TarihicAlfred Weber ; çeviren: H. Vehbi Eralp agözd. gçrl. 2. bs aİstanbulbİstanbul Üniversitesi Yayınlarıc1949 aXI, 395 sc23 sm aİstanbul Üniversitesi Edebiyat Fakültesi Yayımlarıv411 aBibliyografya ve dizin var aFelsefexTarih aEralp, H. Vehbi